000 00517nam a2200181Ia 4500
005 20250508160502.0
008 008 250505s9999 xx 000 0 eng d
037 _aTextual
040 _aFEDL
_beng
_cFEDL
041 _aeng
_2eng
084 _a507, MAS
_qFEDL
100 _aMassey Norman Bland
245 0 _aPatterns for the teaching of science
260 _aToronto, Canada
_bMcGraw-Hill Company of Canada Limited
_c1965
300 _a255p
942 _cTEXL
_h507, MAS
999 _c1364901
_d1364901